000 00731nam a2200289Ia 4500
005 20260324112042.0
008 008 260324s9999 xx 000 0 eng d
020 _a9781003267324
037 _aEBOOK
040 _aCRL
040 _beng
040 _cCRL
041 _2eng
041 _aeng
084 _qCRL
100 _aRachid Mira
_91141104
245 0 _aPolitical Economy in the Middle East and North Africa
245 0 _bWhy Institutions, Rents, and Power Matter in Economic Reforms
260 _bTaylor and Francis
260 _c2024
365 _a
365 _b220
856 _uhttp://www.taylorfrancis.com/books/9781003267324
942 _cEBOOK
999 _c1730148
_d1730148